Problémy související s měřením ekonomického růstu
Meranie ekonomického rastu a HDP. Hodnotiť vývoj ekonomiky podľa HDP nestačí, najmä v malých otvorených ekonomikách. Vhodné je používanie alternatívnych ukazovateľov reálneho dôchodku, ktoré zohľadňujú vzťahy so zahraničím. Ukazovateľ HDP odráža produkčný vývoj ekonomiky, ukazovatele reálneho dôchod...
Enregistré dans:
| Auteur principal: | |
|---|---|
| Format: | Chapitre de livre |
| Langue: | tchèque |
| Sujets: | |
| Tags: |
Pas de tags, Soyez le premier à ajouter un tag!
|
MARC
| LEADER | 00000naa$a2200000$$$4500 | ||
|---|---|---|---|
| 001 | 0044615 | ||
| 005 | 20221020081005.6 | ||
| 041 | 0 | |a cze | |
| 044 | |a SK | ||
| 245 | 1 | 0 | |a Problémy související s měřením ekonomického růstu |c Irena Paličková |
| 520 | |a Meranie ekonomického rastu a HDP. Hodnotiť vývoj ekonomiky podľa HDP nestačí, najmä v malých otvorených ekonomikách. Vhodné je používanie alternatívnych ukazovateľov reálneho dôchodku, ktoré zohľadňujú vzťahy so zahraničím. Ukazovateľ HDP odráža produkčný vývoj ekonomiky, ukazovatele reálneho dôchodku ovplyvňujú makroekonomickú rovnováhu, určujú výšku spotreby a investícií, teda výšku domáceho dopytu a celkového blahobytu. Nie je rozhodujúce iba to, čo doma vyprodukujeme (HDP), ale tiež to, ako výhodne dokážeme naše výrobky a služby vymeniť v zahraničnom obchode. Význam týchto procesov narastá s prehlbovaním európskej integrácie a voľného pohybu medzinárodného kapitálu. | ||
| 610 | 2 | 0 | |a rast hospodársky |
| 610 | 2 | 0 | |a meranie |
| 610 | 2 | 0 | |a produkt domáci hrubý |
| 610 | 2 | 0 | |a ukazovatele |
| 610 | 2 | 0 | |a dôchodok národný hrubý |
| 610 | 2 | 0 | |a obchod zahraničný |
| 100 | 1 | |a Paličková, Irena | |